000 00756nam a2200241Ia 4500
003 OSt
005 20220925194304.0
006 a|||||r|||| 00| 0
007 ta
008 220923b |||||||| |||| 00| 0 eng d
020 _a9780674729070
_c2682.46
037 _b7435, 12/03/2015, Efficient Book Distributors
_cGeneral Book
040 _aRTL
_cRTL
_beng
041 _2eng
_aeng
082 _aY:3(Q), Q4
100 _aUNGER Roberto Mangabeira
245 0 _aReligion of the future
260 _aCambridge
_bHarvard University Press
_c2014
300 _aix, 468p.
_ccm.
650 _aSociology
942 _hY:3(Q), Q4
_cGB
_2CC
999 _c528920
_d528920